Flags of Famous International Non-Recognized Countries - Statistics

General Stats
  • This quiz has been taken 98 times
  • The average score is 11 of 16
Answer Stats
Picture Answer % Correct
Palestine
95%
Hong Kong
89%
Taiwan
89%
Greenland
84%
Faroe Islands
80%
Western Sahara
76%
Northern Cyprus
72%
Somaliland
72%
Kurdistan
70%
Transnistria
68%
South Ossetia
66%
Abkhazia
61%
French Guiana
56%
Artsakh
47%
Sealand
43%
Donetsk
41%
No matching quizzes found
Score Distribution
Percent of People with Each Score
Percentile by Number Answered
Your Score History
You have not taken this quiz